000
00225nam a22000977a 4500
999
_c
16170
_d
16170
003
OSt
008
200612b ||||| |||| 00| 0 eng d
100
_a
Henry de Montherlant
_9
4589
245
_a
The Master of Santiago
942
_c
BK